000 00678nam a2200181Ia 4500
008 151202s9999||||xx |||||||||||||| ||und||
082 _bPNVM-76936
100 _aजोंधळे इंदुमती
245 _aअस्वस्थ श्र्वासांची डायरी
260 _bअनुबंध
260 _c2015
300 _a216
600 _aजोंधळे इंदुमती
630 _aअस्वस्थ श्र्वासांची डायरी
700 _aजोंधळे इंदुमती
730 _aअस्वस्थ श्र्वासांची डायरी
942 _cBOOK
999 _c1343595
_d1343592